[Event "Mumbai Wealth op 3rd"]
[Site "Mumbai"]
[Date "2018.01.07"]
[Round "9"]
[White "Hari, Suresh"]
[Black "Kavinda, Akila"]
[Result "1-0"]
[WhiteElo "1735"]
[BlackElo "2003"]
[PlyCount "37"]
[EventDate "2017.12.30"]
[EventType "swiss"]
[EventRounds "9"]
[EventCountry "IND"]
[SourceTitle "CBM 182 Extra"]
[Source "ChessBase"]
[SourceDate "2018.02.23"]
[SourceVersion "1"]
[SourceVersionDate "2018.02.23"]
[SourceQuality "1"]

1. e4 g6 2. d4 Bg7 3. Nc3 d6 4. Be3 a6 5. Qd2 b5 6. h4 h5 7. Nh3 Bxh3 8. Rxh3 Nf6 9. f3 0-0 10. Bh6 Bxh6 11. Qxh6 Nc6 12. 0-0-0 e5 13. Rg3 exd4 14. Ne2 Qe7 15. Nf4 Rfe8 16. Nxg6 fxg6 17. Rxg6+ Kf7 18. Rg7+ Ke6 19. g3 1-0

[Event "Mumbai Wealth op 3rd"]
[Site "Mumbai"]
[Date "2018.01.04"]
[Round "6"]
[White "Saurabh, Anand"]
[Black "Hari, Suresh"]
[Result "1-0"]
[WhiteElo "2241"]
[BlackElo "1735"]
[PlyCount "83"]
[EventDate "2017.12.30"]
[EventType "swiss"]
[EventRounds "9"]
[EventCountry "IND"]
[SourceTitle "CBM 182 Extra"]
[Source "ChessBase"]
[SourceDate "2018.02.23"]
[SourceVersion "1"]
[SourceVersionDate "2018.02.23"]
[SourceQuality "1"]

1. e4 e5 2. Nf3 Nc6 3. d4 exd4 4. Nxd4 Nf6 5. Nxc6 bxc6 6. e5 Qe7 7. Qe2 Nd5 8. c4 Nb6 9. Nc3 Qe6 10. Qe4 g6 11. f4 Bb4 12. Bd2 0-0 13. 0-0-0 Rb8 14. f5 Qxf5 15. Qxf5 gxf5 16. Bd3 f6 17. Bh6 Rf7 18. Rhe1 Bf8 19. Bxf8 Kxf8 20. c5 Nd5 21. Bc4 Bb7 22. e6 dxe6 23. Rxe6 Re8 24. Rxe8+ Kxe8 25. Nxd5 cxd5 26. Bxd5 Bxd5 27. Rxd5 Rg7 28. Rd2 f4 29. Kc2 Rg5 30. b4 Rh5 31. h3 f3 32. gxf3 Rxh3 33. c6 h5 34. Rd7 Rxf3 35. Rxc7 a6 36. Rh7 Kd8 37. a4 Ra3 38. b5 Rxa4 39. c7+ Kc8 40. b6 Rc4+ 41. Kb3 Rc6 42. Rh8+ 1-0

[Event "Mumbai Wealth op 3rd"]
[Site "Mumbai"]
[Date "2018.01.03"]
[Round "5"]
[White "Hari, Suresh"]
[Black "Kumar, Gaurav"]
[Result "1/2-1/2"]
[WhiteElo "1735"]
[BlackElo "2231"]
[PlyCount "141"]
[EventDate "2017.12.30"]
[EventType "swiss"]
[EventRounds "9"]
[EventCountry "IND"]
[SourceTitle "CBM 182 Extra"]
[Source "ChessBase"]
[SourceDate "2018.02.23"]
[SourceVersion "1"]
[SourceVersionDate "2018.02.23"]
[SourceQuality "1"]

1. d4 Nf6 2. c4 e6 3. Nf3 Bb4+ 4. Bd2 a5 5. g3 d6 6. Bg2 Nbd7 7. 0-0 e5 8. Nc3 exd4 9. Nxd4 Ne5 10. a3 Bc5 11. Bg5 h6 12. Bxf6 gxf6 13. Nd5 c6 14. Ne3 h5 15. h4 a4 16. Qd2 Be6 17. Rac1 Qa5 18. Qxa5 Rxa5 19. Rfd1 0-0 20. Kh2 Rd8 21. Bh3 Ng4+ 22. Nxg4 hxg4 23. Nxe6 fxe6 24. Bxg4 f5 25. Bh3 Bxf2 26. Kg2 Be3 27. Rc3 Re5 28. Kf3 Bc5 29. e3 b6 30. Rg1 Rf8 31. Ke2 Kh7 32. Rf1 Rg8 33. Kf3 d5 34. cxd5 cxd5 35. b4 axb3 36. Rxb3 Re4 37. Ra1 Bxe3 38. Bxf5+ exf5 39. Rxe3 Rxg3+ 40. Kxg3 f4+ 41. Kf3 fxe3 42. Re1 Rxh4 43. Rxe3 Kg6 44. Re6+ Kf5 45. Rxb6 Rh3+ 46. Ke2 Rxa3 47. Rb4 Ke5 48. Rh4 Rc3 49. Kd2 Rg3 50. Ke2 Rg2+ 51. Kd3 Rg3+ 52. Ke2 Ra3 53. Kd2 Kd6 54. Ke2 Kc5 55. Kd2 Rb3 56. Ke2 Rb2+ 57. Kd3 Ra2 58. Rg4 Ra3+ 59. Kd2 Rf3 60. Rh4 Rf2+ 61. Kd3 Rf3+ 62. Kd2 Kd6 63. Ke2 Ra3 64. Kd2 Ke5 65. Ke2 Rc3 66. Kd2 Rf3 67. Ke2 Rg3 68. Kd2 Kd6 69. Ke2 Kc5 70. Kd2 d4 71. Rh8 1/2-1/2

[Event "IND-ch U13"]
[Site "Gujarath"]
[Date "2016.07.29"]
[Round "10"]
[White "Hari, Suresh"]
[Black "Harshavardhan, GB."]
[Result "0-1"]
[WhiteElo "1620"]
[BlackElo "1893"]
[PlyCount "99"]
[EventDate "2016.07.22"]
[EventType "swiss"]
[EventRounds "11"]
[EventCountry "IND"]
[SourceTitle "EXT 2017"]
[Source "ChessBase"]
[SourceDate "2016.10.25"]
[SourceVersion "1"]
[SourceVersionDate "2016.10.25"]
[SourceQuality "1"]

1. e4 c5 2. Nf3 e6 3. d4 cxd4 4. Nxd4 a6 5. Bd3 Bc5 6. Nb3 Ba7 7. 0-0 Ne7 8. Qe2 Nbc6 9. Be3 e5 10. Bxa7 Rxa7 11. Nc3 d6 12. Nd5 b5 13. a4 bxa4 14. Rxa4 Nxd5 15. exd5 Ne7 16. Bb5+ Bd7 17. Bxd7+ Qxd7 18. Rxa6 Rxa6 19. Qxa6 0-0 20. Qd3 Ng6 21. g3 Rc8 22. Na5 Ne7 23. Ra1 Qc7 24. Nc6 Nxc6 25. dxc6 g6 26. b4 Qxc6 27. Ra6 Qxc2 28. Qxc2 Rxc2 29. Rxd6 Rb2 30. Rb6 Kf8 31. Rb5 e4 32. Rb7 Kg7 33. Rb6 f5 34. Rb7+ Kh6 35. h3 g5 36. g4 f4 37. Rb6+ Kg7 38. Rb7+ Kg6 39. Rb6+ Kf7 40. Rb7+ Ke6 41. Rxh7 Rb1+ 42. Kg2 e3 43. fxe3 fxe3 44. Rh8 Kd7 45. Rh7+ Kd6 46. Rh6+ Kd5 47. Rh8 e2 48. Rd8+ Kc4 49. Rc8+ Kd5 50. Rd8+ 0-1